000 00935nam a2200229 a 4500
001 39376
003 BD-RjUL
005 20211209052958.0
008 160410b2013 bg ||||e |||| 00| 0 ben d
020 _ctk. 150.00
035 _a(BD-RjUL)39489
040 _aBD-RjUL
_bben
_cBD-RjUL
041 _aben
082 _223
_bVOA 2013
_a297.5
100 _aভোলা, আবুল কালাম
_9121399
245 _aআত্ম দর্শন : আগে শরীয়ত পরে মারেফত এই প্রচলিত প্রবাদ সঠিক নহে /
_cআবুল কালাম ভোলা
260 _aচট্টগ্রাম :
_bখায়ের মঞ্জিল দরবার শরীফ,
_c২০১৩.
300 _a[১৫], ১৪৬ পৃ. ;
_c২০ সেমি.
650 _aইসলামী দর্শন
_9121400
650 _aIslamic Ethics
_9121401
942 _2ddc
_cBK
999 _c39376
_d39376